1288 1402 1446 1463 1324 1024 1474 1989 1172 1478 1328 1249 1516 1518 1802 1208 1899 1416 1542 1732 1237 1313 1956 1497 1017 1614 1484 1098 1019 1253 1436 1911 1072 1681 1205 1479 1168 1154 1094 1252 1626 1457 1730 1110 1171 1570 1826 1944 1808 1511 1036 1455 1783 1329 1260 1989 1447 1998 1000 1926 1472 1781 1977 1195 1348 1797 1697 1590 1862 1357 1500 1008 1792 1122 1113 1966 1543 1883 1470 1303 1785 1203 1351 1963 1713 1334 1666 1158 1348 1251 1328 1046 1962 1390 1007 1249 1792 1274 1245 BCNSPRNW ULIB Ver.6.0+V

เปลี่ยนเป็นภาษาไทย

Change to English
 แสดงรายละเอียดบรรณานุกรม
  กลับหน้าหลัก

Brief Record : Get Marc (ISO 2709) : E-mail record : QR code < ปิดหน้าต่าง
LEADER : 00000nam 2200000uu 4500
001    13399111551
003     ULIB
008    110701s2549||||th 000 0 tha d
020    9749508556
060 04 WB205^bส576ต 2549
100 0  สันต์ หัตถีรัตน์
245 10 ตำราซักประวัติและตรวจร่างกาย /^cสันต์ หัตถีรัตน์
250    พิมพ์ครั้งที่ 2 (ปรับปรุง)
260    กรุงเทพฯ :^bหมอชาวบ้าน,^c2549
300    328, [1] หน้า ;^bภาพประกอบ ;^c27 ซม.
650  7 การซักประวัติผู้ป่วย
650  7 การตรวจร่างกาย
995    ทศพร
999 ^a ใช้งานได้ทุกระบบ
รายการนี้ยังไม่มีแท็ก
คุณยังไม่ได้ล็อกอิน คุณสามารถมีกิจกรรมร่วมกับเว็บไซต์ได้ แต่ต้องล็อกอินก่อน ::
  ล็อกอิน

รายการสื่อสารสนเทศ

ลำดับที่ ประเภท เลขเรียก/บาร์โค้ด สถานที่ สถานะ
- ไม่พบข้อมูล -

รายการใกล้เคียง
    ผู้แต่ง [สันต์ หัตถีรัตน์]

    หัวเรื่อง [การซักประวัติผู้ป่วย]
    หัวเรื่อง [การตรวจร่างกาย]

BibComment


ยังไม่เคยถูกคอมเมนท์

คอมเมนท์ทรัพยากรรายการนี้
  คอมเมนท์: ตำราซักประวัติและ..


 Copyright 2026. Bcnsprnw @Library